Statystyki dla Symbole pierwiastków chemicznych

Kliknij tutaj aby rozwiązać quiz!

Ogólne statystyki

  • Ten quiz został rozwiązany 269 razy
  • Średni wynik to 10 z 10

Statystyki odpowiedzi

ZagadnienieOdpowiedź% Poprawnych
Symbol magnezuMg
100%
Symbol tlenuO
100%
Symbol węglaC
98%
Symbol żelazaFe
98%
Symbol wodoruH
98%
Symbol siarkiS
97%
Symbol potasuK
96%
Symbol glinuAl
93%
Symbol wapniaCa
89%
Symbol azotuN
85%

Rozkład punktacji

Percentyl według liczby udzielonych odpowiedzi

Procent ludzi z każdym wynikiem

Twoja historia wyników

Nie rozwiązałeś tego quizu